000 00843nam a2200241 i 4500
001 bg
245 0 0 _aKomputerowa identyfikacja parametrów lub stanu w układach technicznych /
_cpod red. Andrzeja Masłowskiego ; [aut. A. Masłowski et al.].
260 _aBiałystok :
_bWydawnictwa PB,
_c1992
_e(Białyst. :
_fPB).
300 _a309 s. :
_brys., wykr. ;
_c23 cm.
490 1 _aSkrypty / Politechnika Białostocka
504 _aBibliogr. przy rozdz.
650 9 _aSymulacja
_xstosowanie
_xtechnika
650 9 _aTechnika
_xurządzenia
_xbadanie
655 _aPodręczniki akademickie
700 1 _aMasłowski, Andrzej.
_erd *ws
830 0 _aSkrypty (Politechnika Białostocka)
015 _aPB 909/94
040 _cBPK
041 0 _apol
080 _a62.001:519.688](075.8)
942 _cKS
008 s pl f |000 0 pol
999 _c6213
_d6213
856 _uhttp://koha.tu.koszalin.pl/cgi-bin/koha/opac-detail.pl?biblionumber=6213
_yKatalog online BPK